Muhammad: prophet of our time (Record no. 51751)

MARC details
000 -LEADER
fixed length control field 00526nam a2200145 a 4500
008 - FIXED-LENGTH DATA ELEMENTS--GENERAL INFORMATION
fixed length control field 160901s2006 ||||||||||||||||| || u
020 ## - INTERNATIONAL STANDARD BOOK NUMBER
International Standard Book Number 9780007256068
050 ## - LIBRARY OF CONGRESS CALL NUMBER
Classification number BP 75 Arm
100 ## - MAIN ENTRY--PERSONAL NAME
Personal name Armstrong, Karen
245 10 - TITLE STATEMENT
Title Muhammad: prophet of our time
Statement of responsibility, etc. By Karen Armstrong
260 ## - PUBLICATION, DISTRIBUTION, ETC.
Place of publication, distribution, etc. London
Name of publisher, distributor, etc. Atlas Books
Date of publication, distribution, etc. 2006
300 ## - PHYSICAL DESCRIPTION
Extent 249p.: ill.
650 ## - SUBJECT ADDED ENTRY--TOPICAL TERM
Topical term or geographic name entry element MUHAMMAD, PROPHET
995 ## - RECOMMENDATION 995 [LOCAL, UNIMARC FRANCE]
-- CBU-MAIN LIBRARY (Kitwe)
-- 1
-- AVAILABLE
-- Sep 23, 2016
-- Main Library Open Access Collection
Holdings
Withdrawn status Lost status Source of classification or shelving scheme Damaged status Not for loan Home library Current library Shelving location Date acquired Total Checkouts Full call number Barcode Date last seen Price effective from Koha item type
          CBU-MAIN LIBRARY, KITWE. CBU-MAIN LIBRARY, KITWE.   11/30/2022   BP 75 Arm 746903 11/30/2022 11/30/2022 MONOGRAPH